<?xml version="1.0" encoding="UTF-8"?><?xml-stylesheet type="text/xsl" href="static/style.xsl"?><OAI-PMH xmlns="http://www.openarchives.org/OAI/2.0/" xmlns:xsi="http://www.w3.org/2001/XMLSchema-instance" xsi:schemaLocation="http://www.openarchives.org/OAI/2.0/ http://www.openarchives.org/OAI/2.0/OAI-PMH.xsd"><responseDate>2026-04-13T18:25:21Z</responseDate><request verb="GetRecord" identifier="oai:www.recercat.cat:11351/8787" metadataPrefix="marc">https://recercat.cat/oai/request</request><GetRecord><record><header><identifier>oai:recercat.cat:11351/8787</identifier><datestamp>2025-10-24T10:31:50Z</datestamp><setSpec>com_2072_378070</setSpec><setSpec>com_2072_378040</setSpec><setSpec>col_2072_378092</setSpec></header><metadata><record xmlns="http://www.loc.gov/MARC21/slim" xmlns:dcterms="http://purl.org/dc/terms/" xmlns:xsi="http://www.w3.org/2001/XMLSchema-instance" xmlns:doc="http://www.lyncode.com/xoai" xsi:schemaLocation="http://www.loc.gov/MARC21/slim http://www.loc.gov/standards/marcxml/schema/MARC21slim.xsd">
   <leader>00925njm 22002777a 4500</leader>
   <datafield ind2=" " ind1=" " tag="042">
      <subfield code="a">dc</subfield>
   </datafield>
   <datafield ind2=" " ind1=" " tag="720">
      <subfield code="a">López Cano, Manuel</subfield>
      <subfield code="e">author</subfield>
   </datafield>
   <datafield ind2=" " ind1=" " tag="720">
      <subfield code="a">Rodrigues Gonçalves, Victor</subfield>
      <subfield code="e">author</subfield>
   </datafield>
   <datafield ind2=" " ind1=" " tag="720">
      <subfield code="a">Saludes Serra, Judit</subfield>
      <subfield code="e">author</subfield>
   </datafield>
   <datafield ind2=" " ind1=" " tag="720">
      <subfield code="a">Pereira, JA</subfield>
      <subfield code="e">author</subfield>
   </datafield>
   <datafield ind2=" " ind1=" " tag="720">
      <subfield code="a">Bravo-Salva, Alejandro</subfield>
      <subfield code="e">author</subfield>
   </datafield>
   <datafield ind2=" " ind1=" " tag="720">
      <subfield code="a">Rosselló-Jiménez, Daniel</subfield>
      <subfield code="e">author</subfield>
   </datafield>
   <datafield ind2=" " ind1=" " tag="720">
      <subfield code="a">Verdaguer Tremolosa, Mireia</subfield>
      <subfield code="e">author</subfield>
   </datafield>
   <datafield ind2=" " ind1=" " tag="260">
      <subfield code="c">2023-01-10T07:58:27Z</subfield>
   </datafield>
   <datafield ind2=" " ind1=" " tag="260">
      <subfield code="c">2023-01-10T07:58:27Z</subfield>
   </datafield>
   <datafield ind2=" " ind1=" " tag="260">
      <subfield code="c">2022-06</subfield>
   </datafield>
   <datafield ind2=" " ind1=" " tag="520">
      <subfield code="a">Abdominal wall; Knowledge; Patient</subfield>
   </datafield>
   <datafield ind2=" " ind1=" " tag="520">
      <subfield code="a">Pared abdominal; Conocimiento; Paciente</subfield>
   </datafield>
   <datafield ind2=" " ind1=" " tag="520">
      <subfield code="a">Paret abdominal; Coneixement; Pacient</subfield>
   </datafield>
   <datafield ind2=" " ind1=" " tag="520">
      <subfield code="a">Purpose&#xd;
The objective of this study was to gather information on patient-reported knowledge (PRK) in the field of hernia surgery.&#xd;
Methods&#xd;
A prospective quantitative study was designed to explore different aspects of PRK and opinions regarding hernia surgery. Patients referred for the first time to a surgical service with a presumed diagnosis of hernia and eventual hernia repair were eligible, and those who gave consent completed a simple self-assessment questionnaire before the clinical visit.&#xd;
Results&#xd;
The study population included 449 patients (72.8% men, mean age 61.5). Twenty (4.5%) patients did not have hernia on physical examination. The patient’s perceived health status was “neither bad nor good” or “good” in 56.6% of cases. Also, more patients considered that hernia repair would be an easy procedure (35.1%) rather than a difficult one (9.8%). Although patients were referred by their family physicians, 32 (7.1%) answered negatively to the question of coming to the visit to assess the presence of a hernia. The most important reason of the medical visit was to receive medical advice (77.7%), to be operated on as soon as possible (40.1%) or to be included in the surgical waiting list (35.9%). Also, 46.1% of the patients considered that they should undergo a hernia repair and 56.8% that surgery will be a definitive solution.&#xd;
Conclusion&#xd;
PRK of patients referred for the first time to an abdominal wall surgery unit with a presumed diagnosis of hernia was quite limited and there is still a long way towards improving knowledge of hernia surgery.</subfield>
   </datafield>
   <datafield ind2=" " ind1=" " tag="520">
      <subfield code="a">Open Access Funding provided by Universitat Autonoma de Barcelona.</subfield>
   </datafield>
   <datafield ind1="8" ind2=" " tag="024">
      <subfield code="a">http://hdl.handle.net/11351/8787</subfield>
   </datafield>
   <datafield tag="653" ind2=" " ind1=" ">
      <subfield code="a">Hèrnia - Cirurgia</subfield>
   </datafield>
   <datafield tag="653" ind2=" " ind1=" ">
      <subfield code="a">Consentiment informat (Dret mèdic)</subfield>
   </datafield>
   <datafield tag="653" ind2=" " ind1=" ">
      <subfield code="a">DISEASES::Pathological Conditions, Signs and Symptoms::Pathological Conditions, Anatomical::Hernia</subfield>
   </datafield>
   <datafield tag="653" ind2=" " ind1=" ">
      <subfield code="a">ANATOMY::Body Regions::Torso::Abdomen::Abdominal Wall</subfield>
   </datafield>
   <datafield tag="653" ind2=" " ind1=" ">
      <subfield code="a">Other subheadings::Other subheadings::Other subheadings::/surgery</subfield>
   </datafield>
   <datafield tag="653" ind2=" " ind1=" ">
      <subfield code="a">HEALTH CARE::Health Care Economics and Organizations::Social Control, Formal::Human Rights::Patient Rights::Health Care Economics and Organizations::Social Control, Formal::Informed Consent</subfield>
   </datafield>
   <datafield tag="653" ind2=" " ind1=" ">
      <subfield code="a">ENFERMEDADES::afecciones patológicas, signos y síntomas::afecciones patológicas anatómicas::hernia</subfield>
   </datafield>
   <datafield tag="653" ind2=" " ind1=" ">
      <subfield code="a">ANATOMÍA::regiones corporales::tronco::abdomen::pared abdominal</subfield>
   </datafield>
   <datafield tag="653" ind2=" " ind1=" ">
      <subfield code="a">Otros calificadores::Otros calificadores::Otros calificadores::/cirugía</subfield>
   </datafield>
   <datafield tag="653" ind2=" " ind1=" ">
      <subfield code="a">ATENCIÓN DE SALUD::economía y organizaciones para la atención de la salud::control social formal::derechos humanos::derechos del paciente::economía y organizaciones para la atención de la salud::control social formal::consentimiento informado</subfield>
   </datafield>
   <datafield ind2="0" ind1="0" tag="245">
      <subfield code="a">Understanding patient-reported knowledge of hernia surgery: a quantitative study</subfield>
   </datafield>
</record></metadata></record></GetRecord></OAI-PMH>